My generation - site-based wind power (Record no. 75007)
[ view plain ]
| 000 -LEADER | |
|---|---|
| fixed length control field | 01524cab a2200193 4500 |
| 001 - CONTROL NUMBER | |
| control field | L129229 |
| 008 - FIXED-LENGTH DATA ELEMENTS--GENERAL INFORMATION | |
| fixed length control field | 050404n2005 000 0 eng u |
| 035 ## - SYSTEM CONTROL NUMBER | |
| System control number | (Sirsi) u129229 |
| 041 ## - LANGUAGE CODE | |
| Language code of text/sound track or separate title | eng |
| 100 ## - MAIN ENTRY--PERSONAL NAME | |
| Personal name | Wustemann, Louis |
| 245 ## - TITLE STATEMENT | |
| Title | My generation - site-based wind power |
| 260 ## - PUBLICATION, DISTRIBUTION, ETC. | |
| Date of publication, distribution, etc. | 2005 |
| 490 ## - SERIES STATEMENT | |
| Series statement | Environment Information Bulletin |
| Volume/sequential designation | (147) April 2005, 6-11(4) |
| 520 ## - SUMMARY, ETC. | |
| Summary, etc. | Examines the growing market for installing wind turbines on company or organisational sites both to reduce energy costs and their environmental footprints. Companies are unlikely to be able to decouple any site from the National Grid but on-site power generation means that they can partly decouple from the volatile electricity market. Looks at the prerequisites for wind turbine installation such as site suitability, choice of generating capacity and outlines the costs and benefits of wind energy production. Considers partnership options such as Ecotricity's Merchant Wind Power for organisations unwilling to allocate full funding to non core activities. A variant of this consists of private power generation for a group of client companies from off-site turbines financed by Co-operative Financial Services. Describes the work of Proven Energy, a leading turbine installer and concludes with "Following wind", in which Ross Fairley discusses wind power schemes from a legal perspective. |
| 590 ## - LOCAL NOTE (RLIN) | |
| Local note | IKA150405 |
| 690 ## - LOCAL SUBJECT ADDED ENTRY--TOPICAL TERM (OCLC, RLIN) | |
| Topical term or geographic name as entry element | ENVIRONMENTAL AND LAND CONSULTANCY-ENERGY-RENEWABLE ENERGY |
| 700 ## - ADDED ENTRY--PERSONAL NAME | |
| Personal name | Fairley, Ross |
| 942 ## - ADDED ENTRY ELEMENTS (KOHA) | |
| Suppress in OPAC | 0 |
| Withdrawn status | Lost status | Source of classification or shelving scheme | Damaged status | Not for loan | Home library | Current library | Shelving location | Date acquired | Total Checkouts | Full call number | Barcode | Date last seen | Copy number | Price effective from | Koha item type |
|---|---|---|---|---|---|---|---|---|---|---|---|---|---|---|---|
| Dewey Decimal Classification | London | London | Journal article | 04/04/2005 | L129229 | 129229-1001 | 06/08/2019 | 1 | 06/08/2019 | Journal article |